A first course in abstract algebra (Record no. 63750)

000 -LEADER
fixed length control field 00502nam a22001937a 4500
003 - CONTROL NUMBER IDENTIFIER
control field NUST - PNEC
005 - DATE AND TIME OF LATEST TRANSACTION
control field 20170116180822.0
008 - FIXED-LENGTH DATA ELEMENTS--GENERAL INFORMATION
fixed length control field 150622b xxu||||| |||| 00| 0 eng d
020 ## - INTERNATIONAL STANDARD BOOK NUMBER
International Standard Book Number 0201474360
040 ## - CATALOGING SOURCE
Transcribing agency LIBRARY
082 ## - DEWEY DECIMAL CLASSIFICATION NUMBER
Classification number 512 FRA
100 ## - MAIN ENTRY--PERSONAL NAME
9 (RLIN) 4132
Personal name Fraleigh, John B.
245 ## - TITLE STATEMENT
Title A first course in abstract algebra
Statement of responsibility, etc. John B Fraleigh,
250 ## - EDITION STATEMENT
Edition statement Six ed
260 ## - PUBLICATION, DISTRIBUTION, ETC.
Place of publication, distribution, etc. New York
Name of publisher, distributor, etc. Addison-wesley
Date of publication, distribution, etc. c1999.
300 ## - PHYSICAL DESCRIPTION
Extent 536 p. :
650 ## - SUBJECT ADDED ENTRY--TOPICAL TERM
9 (RLIN) 4134
Topical term or geographic name entry element Mathematics
General subdivision ME
942 ## - ADDED ENTRY ELEMENTS (KOHA)
Source of classification or shelving scheme
Koha item type Book
Holdings
Withdrawn status Lost status Source of classification or shelving scheme Damaged status Not for loan Permanent Location Current Location Shelving location Date acquired Source of acquisition Cost, normal purchase price Total Checkouts Full call number Barcode Date last seen Date last checked out Cost, replacement price Price effective from Koha item type
          Pakistan Navy Engineering College (PNEC) Pakistan Navy Engineering College (PNEC)     Library / Reference Grant 140.00 1 512 FRA PNECLIB-021846 08/11/2016 03/01/2016 140.00   Book
© 2023 Central Library, National University of Sciences and Technology. All Rights Reserved.